000 00750cab a2200181 4500
001 L136555
008 070207n2007 000 0 eng u
035 _a(Sirsi) u136555
041 0 _aeng
245 0 0 _aKey data
_bINREV
260 _c2007
490 0 _aEuroProperty
_v5 February 2007, 37(1)
520 _aReports Non-listed funds as the favoured route into real estate, with access to expert management and international portfolio diversification being the prime reasons why investors like non-listed funds. However lack of transparency and market information is seen as the greatest disadvantage of the unlisted sector.
590 _aKA
651 4 _aEUROPE
690 _aPROPERTY-COMMERCIAL PROPERTY-COMMERCIAL PROPERTY MARKET
942 _n0
999 _c78345
_d78345